Daňový očistec na obzore
Návrh na zavedenie rovnakého percenta dane pre obyvateľstvo a firmy, ktoré pred nedávnom predložili lídri KDH a ktorý s úspechom funguje približne v 30 krajinách sveta, vzbudil na Slovensku pozornosť. Základné argumenty na zavedenie rovnej dane. Prínosy a riziká rovnej dane pre jednotlivca. Prínosy...
Saved in:
| Main Author: | |
|---|---|
| Format: | Book Chapter |
| Language: | Slovak |
| Subjects: | |
| Tags: |
No Tags, Be the first to tag this record!
|
MARC
| LEADER | 00000naa a2200000 4500 | ||
|---|---|---|---|
| 001 | r044998 | ||
| 005 | 20230920073948.6 | ||
| 041 | 0 | |a slo | |
| 044 | |a SK | ||
| 245 | 1 | 0 | |a Daňový očistec na obzore |c Alexander Sotník |
| 520 | |a Návrh na zavedenie rovnakého percenta dane pre obyvateľstvo a firmy, ktoré pred nedávnom predložili lídri KDH a ktorý s úspechom funguje približne v 30 krajinách sveta, vzbudil na Slovensku pozornosť. Základné argumenty na zavedenie rovnej dane. Prínosy a riziká rovnej dane pre jednotlivca. Prínosy a riziká rovnej dane pre ekonomiku. | ||
| 610 | 2 | 0 | |a dane rovné |
| 610 | 2 | 0 | |a osoby fyzické |
| 610 | 2 | 0 | |a osoby právnické |
| 610 | 2 | 0 | |a dane z príjmov |
| 610 | 2 | 0 | |a priznania daňové |
| 610 | 2 | 0 | |a Slovensko |
| 610 | 2 | 0 | |a krajiny vyspelé |
| 610 | 2 | 0 | |a reformy daňové |
| 100 | 1 | |a Sotník, Alexander | |